Presencias de ceniza : (Registro nro. 24111)

Detalles MARC
000 -LEADER
fixed length control field 00593nam a22001937a 4500
003 - CONTROL NUMBER IDENTIFIER
control field DO-CoUTE
005 - DATE AND TIME OF LATEST TRANSACTION
control field 20260415132724.0
008 - FIXED-LENGTH DATA ELEMENTS--GENERAL INFORMATION
fixed length control field 260415b dr ||||| |||| 00| 0 spa d
040 ## - CATALOGING SOURCE
Original cataloging agency DO-CoUTE
Language of cataloging spa
Transcribing agency DO-CoUTE
082 ## - DEWEY DECIMAL CLASSIFICATION NUMBER
Classification number 821.13421D353P
100 1# - MAIN ENTRY--PERSONAL NAME
Personal name Delgado, Fernando
Relator term Autor
245 10 - TITLE STATEMENT
Title Presencias de ceniza :
Remainder of title selección poética /
Statement of responsibility, etc. Fernando delgado
260 ## - PUBLICATION, DISTRIBUTION, ETC.
Place of publication, distribution, etc. miami
Name of publisher, distributor, etc. Edición universal
Date of publication, distribution, etc. 2001
300 ## - PHYSICAL DESCRIPTION
Extent 70 Paginas :
Dimensions 23cm,
504 ## - BIBLIOGRAPHY, ETC. NOTE
Bibliography, etc. note Incluye referencia bibliográfica e índice.<br/>
650 #4 - SUBJECT ADDED ENTRY--TOPICAL TERM
Topical term or geographic name entry element Poema
700 1# - ADDED ENTRY--PERSONAL NAME
Personal name Fernando Delgado
Relator term Autor
942 ## - ADDED ENTRY ELEMENTS (KOHA)
Source of classification or shelving scheme Dewey Decimal Classification
Koha item type Libros
Existencias
Withdrawn status Lost status Source of classification or shelving scheme Damaged status Not for loan Collection code Home library Current library Shelving location Date acquired Inventory number Total Checkouts Full call number Barcode Date last seen Copy number Price effective from Koha item type
    Dewey Decimal Classification     Colección Dominicana Biblioteca UTECO Biblioteca UTECO En Estantería 04/15/2026 022693   821.13421D353P 022693 04/15/2026 Ej.1 04/15/2026 Libros
© 2021 Derechos Reservados UTECO - Teléfono: +1 809-585-2291 - Correo electrónico: biblioteca@uteco.edu.do​  
Código postal 43000 ​​
Dirección: Avenida Universitaria No. 100, 
Cotuí, Provincia Sánchez Ramírez, República Dominicana - RNC: 404-00059-6